000 00615nam a22002297a 4500
003 UA-OsUOA
001 87731
007 ta
008 20120921b un ||||| |||| 00| 0 ukr d
100 _aАхмеджанов Г. А.
090 _a94(5-191.2)
_bА95
942 _cBK
040 _aUA-OsUOA
_brus
_cUA-OsUOA
_dUA-OsUOA
245 _aГератский вопрос в ХІХ веке
300 _a129 с.
955 _a1
041 _arus
080 _a94(5-191.2)
260 _aТашкент
_bФАН
_c1971
650 7 _a9 Географія. Біографії. Історія
_2UDC
999 _c374029
_d374029